|
|
|
|
| LEADER |
01895nam a2200385 a 4500 |
| 001 |
EBC565081 |
| 003 |
MiAaPQ |
| 005 |
20200520144314.0 |
| 006 |
m o d | |
| 007 |
cr cn||||||||| |
| 008 |
091002s2009 njua sb 001 0 eng d |
| 010 |
|
|
|z 2009040196
|
| 020 |
|
|
|z 047068285X
|
| 020 |
|
|
|z 9780470682852
|
| 020 |
|
|
|a 9780470686966 (electronic bk.)
|
| 035 |
|
|
|a (MiAaPQ)EBC565081
|
| 035 |
|
|
|a (Au-PeEL)EBL565081
|
| 035 |
|
|
|a (CaPaEBR)ebr10517348
|
| 035 |
|
|
|a (CaONFJC)MIL337179
|
| 035 |
|
|
|a (OCoLC)663080457
|
| 040 |
|
|
|a MiAaPQ
|c MiAaPQ
|d MiAaPQ
|
| 050 |
|
4 |
|a HD31
|b .O844 2009
|
| 082 |
0 |
4 |
|a 658.4/092
|2 22
|
| 100 |
1 |
|
|a Owen, Jo.
|
| 245 |
1 |
4 |
|a The death of modern management
|h [electronic resource] :
|b how to lead in the new world disorder /
|c Jo Owen.
|
| 260 |
|
|
|a Hoboken, N.J. :
|b Wiley,
|c 2009.
|
| 300 |
|
|
|a viii, 279 p. :
|b ill.
|
| 504 |
|
|
|a Includes bibliographical references and index.
|
| 505 |
0 |
|
|a Introduction : how we got here and where we are going -- Strategy : from following the rules to making the rules -- Marketing : from selling benefits to selling dreams -- Power : shifts to a new world disorder -- Money : from CAPM to the road to ruin -- Information : from deficit to hyperinflation -- Knowledge : from ignorance to the disintegration of the firm -- Organisations : from compliance to commitment -- Change : why dinosaurs can't dance -- Employees : from slavery to freedom (and back again) -- Managers : power and making things happen -- Leaders : no more heroes.
|
| 533 |
|
|
|a Electronic reproduction. Ann Arbor, MI : ProQuest, 2015. Available via World Wide Web. Access may be limited to ProQuest affiliated libraries.
|
| 650 |
|
0 |
|a Management.
|
| 650 |
|
0 |
|a Leadership.
|
| 655 |
|
4 |
|a Electronic books.
|
| 710 |
2 |
|
|a ProQuest (Firm)
|
| 856 |
4 |
0 |
|u https://ebookcentral.proquest.com/lib/matrademy/detail.action?docID=565081
|z Click to View
|